000 00409nam a2200169Ia 4500
008 190516s9999 xx 000 0 und d
100 _aBhandari, Shirin
245 2 _aA lost trade/
245 _cShirin Bhandari
260 _bThe Philippine Star
260 _c2018
300 _aMay 12
440 _aThe Philippine Star
650 _ahistory
650 _atailoring (Philippines)
650 _atailors
999 _c361881
_d361881